|
|
|
|
| LEADER |
00000nam a22000007a 4500 |
| 005 |
20220808224517.0 |
| 007 |
cr|||| |||| |
| 008 |
220808s2021 br |||||s|||| 00||0 por d |
| 020 |
|
|
|a 9786589351467
|
| 035 |
|
|
|a 36790
|
| 040 |
|
|
|a vLex
|
| 090 |
|
|
|c 13672
|d 13672
|
| 100 |
1 |
|
|a Campinho, Sřgio
|
| 245 |
1 |
0 |
|a Estudos e pareceres
|h [Recurso electrn̤ico] /
|c Sřgio Campinho
|
| 256 |
|
|
|a Servicio en ln̕ea
|
| 260 |
|
|
|a Rio de Janeiro:
|b Editora Processo,
|c 2021
|
| 300 |
|
|
|a 1 recurso electrn̤ico
|
| 500 |
|
|
|a O presente livro ren︢e alguns dos pareceres emitidos pelo autor ao longo dos l︢timos cinco anos. Cuidam de queste̳s afetas aos direitos das empresas em crise, societr̀io e cambir̀io. A publicaȯ̂ destes recentes estudos, selecionados diretamente pelo autor por critřio de atualidade temt̀ica e de relevńcias prt̀ica e dogmt̀ica da matřia jurd̕ica tratada, oferece ao leitor uma rica e viva experin̊cia do direito em debate, ̉luz de relevantes casos concretos vivenciados no ambiente jurd̕ico nacional, sendo, desse modo, de grande utilidade para estudantes e profissionais do direito.
|
| 506 |
1 |
|
|a Disponible solo en los productos indicados
|d vLex Global
|d vLex Global (Academic Edition, excluding Law Schools)
|d vLex Global (U.S. Academic Edition, Law Schools)
|d vLex Global (U.S. Academic Edition, excluding Law Schools)
|d vLex Global (Academic Edition, Law Schools)
|
| 650 |
0 |
4 |
|a Derecho Mercantil y de la Empresa
|z Brasil
|
| 740 |
0 |
|
|a vLex Libros (Servicio en ln̕ea)
|
| 856 |
4 |
0 |
|u https://app.vlex.com/#/sources/36790
|z Acceso restringido
|
| 942 |
|
|
|c BOOK
|
| 999 |
0 |
|
|a Commercial and Company Law
|